000 00820nam a2200217 i 4500
001 80718
003 ES-MaACL
005 20230906174259.0
007 t|
008 041029s1952 mx ||||1| spa d
100 1 _aHolmes, Arthur Wellington.
_964052
245 1 0 _aAuditoría
_b: principios y procedimientos /
_cpor Arthur W. Holmes ; traducción castellana por I.G. del Castillo ; revisión de la traducción por Marín Civera.
260 _aMéxico :
_bUnión Tipográfica Editorial Hispano-Americana,
_c[1952]
300 _a2 v. :
_bil. ;
_c23 cm.
490 1 _aBiblioteca de contabilidad superior
700 1 _aCastillo, I. G. del.
_936692
700 1 _aCivera, Marín.
_938957
830 0 _aBiblioteca de contabilidad superior
_9231504
852 _aES-MaACL
_jC-16869-70
_bR.45187
999 _c80718
_d80718